Statistics for Finish the Movie quote

Click here to take the quiz!

General Stats

  • This quiz has been taken 44 times
  • The average score is 6 of 15

Answer Stats

HintAnswer% Correct
Shall we play a____?game
97%
bond, Jamesbond
92%
you shall notpass
62%
go ahead makemy day
54%
that's not a knife. That's aknife
43%
I'm mad as hell! And I'm not goign to take thisanymore
38%
rosebud
32%
I am serious and don't call mesurely
32%
gentlemen you can't fight in here this isthe war room
30%
we all go a little___ sometimesmad
27%
I have come here to chew bubblegum andkick ass
24%
no I amyour father
24%
he chosepoorly
19%
you can'thandle the truth
14%
no communism's just ared herring
8%

Score Distribution

Percentile by Number Answered

Percent of People with Each Score

Your Score History

You have not taken this quiz